Регионална библиотека "Любен Каравелов" - Русе

Последната зима (Запис номер 459524)

MARC детайли
000 -Лидер
Контролно поле с фиксирана дължина nam a22 a 4500
003 - Код на организацията, давaща контролен номер
Контролно поле BLK
005 - Дата и час на последна редакция
Контролно поле 20220607124905.0
008 - Елементи от данни с фиксирана дължина
fixed length control field 220607b bu |||||r|||| 00| | bu d
040 ## - Източник на каталожния запис
Идентификатор на билиотеката - собственик на записа BLK
041 ## - Код за език
Код за езика на текст/звукозапис или на отделно заглавие Български
Код за езика КДБФ Български
080 ## - УДК
Текстов определител УДК Руска литература
УДК код - определител по УДК 821.161.1
УДК - код + определител 821.161.1-32
100 ## - Редна дума - Автор
R(LIN) 1299
Автор Фьодоров, Алексей Федорович
Авторска отговорност първи автор
139 ## - Редно поле
Редна дума Фьодоров, Алексей
245 ## - Сведения за заглавието
Заглавие Последната зима
Подзаглавни данни партизански очерци и разкази
Редно поле (дума) Алексей Ф. Фьодоров ; прев. от рус. Ангел Въргулев
260 ## - Област на издателските данни
9 (RLIN) 212206
Място на издаване, разпространение и проч. София
Име на издателя, разпространителя и проч. БКП
Година на издаване 1967
300 ## - Физическа характеристика
Страници 448 с.
Размери/Мащаб 25 см
380 ## - Жанр
Жанр Худож. лит.
700 ## - Други автори (авторска отговорност)
9 (RLIN) 325654
Лично име Въргулев, Ангел В.
Автороска отговорност (Описва отношението между автора и произведението) прев. от рус.
852 ## - Местоположение
Форматна сигнатура Цб 40446
999 ## - СИСТЕМНИ КОНТРОЛНИ НОМЕРА
Koha biblionumber 459524
Koha biblioitemnumber 459524
942 ## - АРТИКУЛИ
Вид на библиотечния материал Книги
Скрит в OPAC Не
Периодичен библиозапис Да
944 ## - СЪЗДАВАНЕ И РЕДАКЦИЯ на ЗАПИСА
Създаване/Редакция Създаване
Дата на регистрацията/редакция 2022-06-07
Служител, извършил регистрацията/редакцията вр
Наличности
Код за отписване Код за изгубен артикул Източник на класификационната схема Код за повреда Коз за рестрикции Код за отдаване Артикулен № Име на библиотеката - собственик Име на библиотеката, в която се намира в момента Статус (Текущо местоположение) Дата на вписване в системата Местоположение - отдел Цена в лева Инвентарен номер Систематично азбучна сигнатура Баркод Цена в евро Служебен тип на артикула
  Не е изгубен Universal Decimal Classification Не е повреден само за читалня ползва се в читалня 888504 Регионална библиотека "Любен Каравелов" Русе Регионална библиотека "Любен Каравелов" Русе Хранилище 2022-06-08 Хранилище 1.56 5182/67 Цб 40446 900000094953 0.80 Книги
Vip Innovations Ltd, Rousse, Bulgaria 2025